| 000 | 01550nam a2200421 a 4500 | ||
|---|---|---|---|
| 005 | 20240423121937.0 | ||
| 008 | 110624s2013 sp il. f 001 0 spa d | ||
| 020 | _a9788480869577 | ||
| 041 | _aspa | ||
| 092 |
_c618.92 _l55 _sNEL |
||
| 245 |
_aNelson. Tratado de Pediatría. _bT.1 / _cRobert M. Kliegman |
||
| 250 | _a19a ed. en español de la obra original en inglés | ||
| 260 |
_aBarcelona: _bElsevier ; Saunders; _c2013. |
||
| 300 | _a1-1294 p. | ||
| 500 | _aKliegman R. M. et al. (2013). Nelson. Tratado de Pediatría. T.1 (19a ed.). Barcelona : Elsevier ; Saunders. | ||
| 653 | _aCampo de la pediatría | ||
| 653 | _aCrecimiento, desarrolo y conducta | ||
| 653 | _aTrastornos conductuales y enfermedades psiquiátricas | ||
| 653 | _aTrastornos del aprendizaje | ||
| 653 | _aNiños con necesidades especiales | ||
| 653 | _aNutrición | ||
| 653 | _aFisiopatología de los líquidos corporales y tratamiento hidroelectrolítico | ||
| 653 | _aFarmacoterapia pediátrica | ||
| 653 | _aNiño con patología aguda | ||
| 653 | _aGenética humana | ||
| 653 | _aTrastornos genéticos del metabolismo | ||
| 653 | _aFeto y el recién nacido | ||
| 653 | _aMedicina de la adolescencia | ||
| 653 | _aInmunología | ||
| 653 | _aEnfermedades alérgicas | ||
| 653 | _aEnfermedades reumáticas de la infancia | ||
| 653 | _aEnfermedades infecciosas | ||
| 700 | 1 |
_aKliegman, Robert M. _94 |
|
| 700 | 1 |
_aBehrman, Richard E. _95 |
|
| 700 | 1 |
_aStanton, Bonita F. _97 |
|
| 700 | 1 |
_aSt. Geme III, Joseph W. _91955 |
|
| 942 |
_2ddc _cBK |
||
| 999 |
_c1235 _d1235 |
||